The complete self-care guide to holistic medicine : (Record no. 14732)

000 -LEADER
fixed length control field 00725nam a22002057a 4500
008 - FIXED-LENGTH DATA ELEMENTS--GENERAL INFORMATION
fixed length control field 161007b xxu||||| |||| 00| 0 eng d
020 ## - INTERNATIONAL STANDARD BOOK NUMBER
International Standard Book Number 9780874779868
020 ## - INTERNATIONAL STANDARD BOOK NUMBER
International Standard Book Number 0874779863
050 ## - LIBRARY OF CONGRESS CALL NUMBER
Classification number R 733 .I94 1999
100 ## - MAIN ENTRY--PERSONAL NAME
Personal name Ivker, Robert S.
245 ## - TITLE STATEMENT
Title The complete self-care guide to holistic medicine :
Remainder of title treating our most common ailments/
Statement of responsibility, etc. Robert S. Ivker, Robert A. Anderson and Larry Trivieri
260 ## - PUBLICATION, DISTRIBUTION, ETC. (IMPRINT)
Place of publication, distribution, etc. New York :
Name of publisher, distributor, etc. J.P. Tarcher/Putnam,
Date of publication, distribution, etc. c1999
300 ## - PHYSICAL DESCRIPTION
Extent 502p. :
Other physical details ill. ;
Dimensions 24cm
500 ## - GENERAL NOTE
General note Includes appendix.
650 ## - SUBJECT ADDED ENTRY--TOPICAL TERM
Topical term or geographic name as entry element Holistic medicine
650 ## - SUBJECT ADDED ENTRY--TOPICAL TERM
Topical term or geographic name as entry element Self-care, Health
700 ## - ADDED ENTRY--PERSONAL NAME
Personal name Anderson, Robert A.
700 ## - ADDED ENTRY--PERSONAL NAME
Personal name Trivieri, Larry Jr.
942 ## - ADDED ENTRY ELEMENTS (KOHA)
Source of classification or shelving scheme
Koha item type Hard Covered Materials
Classification part R 733 .I94 1999
Holdings
Withdrawn status Lost status Source of classification or shelving scheme Damaged status Not for loan Home library Current library Shelving location Date acquired Source of acquisition Total Checkouts Full call number Barcode Date last seen Price effective from Koha item type
          MACHAKOS UNIVERSITY LIBRARY MACHAKOS UNIVERSITY LIBRARY Open shelf 07/10/2016 Donation(BFA)   R 733 .I94 1999 25923 07/10/2016 07/10/2016 Hard Covered Materials
© Machakos University Library, Along The Highway, Machakos Wote Rd, Machakos, Kenya P.O. Box 136 - 90100 Machakos - Kenya

Tel: ( +254 ) 723 805829 OR Fax : 044-20353 OR Email: library@mksu.ac.ke